00678nam a22002295i 450000100060000000300090000600500170001500700030003200800410003502000180007604000220009408000190011610000310013524500800016625000120024626000430025830000210030149000360032270000210035883000360037985200330041511291ES-MaACL20251014063045.0t|951207s1995 sp ||||0| spa j a84-01-38534-2 aM-BN bspa cM-BN a820(71)-31"19"0 aOndaatje, Michael, d1943-13aEl paciente inglés / cMichael Ondaatje ; traducción de Carlos Manzano. a1ª ed. aBarcelona : bPlaza & Janés, c1995. a291 p ; c23 cm.1 aAve Fénix. Serie mayor ; v331 aManzano, Carlos.0 aEl Ave Fénix. Serie mayorv33 aES-MaACLjL-18580 bR.124836